| 000 | 01283nam a22003135i 4500 | ||
|---|---|---|---|
| 999 |
_c27693 _d27664 |
||
| 003 | EG-ScBUE | ||
| 005 | 20191020114554.0 | ||
| 008 | 191020s1998 ua f b 000 0 ara d | ||
| 017 | _a98 / 5060 | ||
| 020 | _a9772233010 | ||
| 040 |
_aEG-ScBUE _bara _erda _cEG-ScBUE _dEG-ScBUE |
||
| 043 | _aa------ | ||
| 082 | 0 | 4 |
_a324.2182095 _bح ر ك _222 |
| 245 | 0 | 2 |
_aالحركات الإسلامية في آسيا / _cتحرير د. علا عبد العزيز أبو زيد. |
| 264 | 1 |
_aالجيزة، مصر : _bمركز الدراسات الآسيوية، كلية الاقتصاد والعلوم السياسية، جامعة القاهرة، _c1998. |
|
| 300 |
_a439 صفحة ؛ _c24 سم |
||
| 336 |
_2rdacontent _aنص _btxt |
||
| 337 |
_2rdamedia _aبدون وسيط _bn |
||
| 338 |
_2rdacarrier _aمجلد _bnc |
||
| 504 | _aيشتمل على إرجاعات ببليوجرافية. | ||
| 541 |
_aDr. Gamal Selim ; _cDonation ; |
||
| 650 | 7 |
_aالحركات الإسلامية _zآسيا. _2BUEsh |
|
| 650 | 7 |
_aالحركات الاجتماعية _zآسيا. _2BUEsh |
|
| 650 | 7 |
_aالإسلام والسياسة. _2BUEsh |
|
| 651 | _2BUEsh | ||
| 653 |
_bBUSBOL _bMASPPSS _cOctober2019 |
||
| 700 | 1 |
_aأبو زيد، علا عبد العزيز، _eمحرر. |
|
| 942 | _2ddc | ||